Estatísticas para Capitais mundiais mais próximas de Amsterdã - corrida de um minuto

Clique aqui para jogar o quiz

Estatísticas Gerais

  • Esse quiz foi jogado 23 vezes
  • A pontuação média é 11 de 20

Estatísticas das Respostas

kmcapital% Correto
173Bruxelas
100%
578Berlim
95%
358Londres
89%
430Paris
84%
319Luxemburgo
79%
622Copenhaga
68%
936Viena
68%
1125Estocolmo
63%
631Berna
58%
914Oslo
58%
756Dublin
47%
1098Varsóvia
47%
670Vaduz
37%
713Praga
32%
1091San Marino
32%
987Bratislava
26%
979Mônaco
26%
1126Andorra-a-Velha
21%
1086Zagreb
21%
989Liubliana
16%

Distribuição das Pontuações

Percentil de Números Respondidos

Porcentagem de Pessoas com Cada Pontuação

Sua Pontuação Histórica

Você não jogou esse quiz